[Event "1500 & Under Championship / KO"]
[Site "SchemingMind.com"]
[Date "2009.07.20"]
[Round "-"]
[White "R.Leydon"]
[Black "bartleby en passant"]
[Result "1-0"]
[WhiteCountry "IRL"]
[BlackCountry "IRL"]
[WhiteElo "1512"]
[WhiteRD "77"]
[BlackElo "1681"]
[BlackRD "74"]
[GameID "213112"]

1. e4 c5 2. b4 cxb4 3. Nf3 Nc6 4. d4 e6 5. a3 bxa3 6. Nxa3 a6 7. c4 Bxa3 8. Bxa3 Nf6 9. e5 Ne4 10. Qc2 Ng5
11. Qd3 Nxf3+ 12. gxf3 Qa5+ 13. Ke2 Qb6 14. c5 Qd8 15. Rg1 O-O 16. Bc1 Qh4 17. Rg4 Qxh2 18. Bf4 Qh5 19. Rg5 Qh4 20. Qe4 h6
21. Rg3 f5 22. Qe3 Qh5 23. Bxh6 f4 24. Bxf4 Rxf4 25. Qxf4 Qf7 26. Qd2 Ne7 27. Bh3 Nd5 28. Rg4 d6 29. Rag1
1-0

[Event "1500 & Under Championship / KO"]
[Site "SchemingMind.com"]
[Date "2009.08.02"]
[Round "-"]
[White "lumamo66"]
[Black "Henry G-R"]
[Result "1-0"]
[WhiteCountry "ESP"]
[BlackCountry "ENG"]
[WhiteElo "1526"]
[WhiteRD "81"]
[BlackElo "1252"]
[BlackRD "91"]
[GameID "214214"]

1. e4 c6 2. f4 d5 3. e5 e6 4. d4 Nd7 5. Nf3 f6 6. Bd3 Qa5+ 7. Nc3 Bb4 8. Bd2 Nb6 9. O-O Na4 10. Nxa4 Qxa4
11. b3 Ne7 12. bxa4 Bxd2 13. Qxd2 Nf5 14. Bxf5 exf5 15. exf6 gxf6 16. Rae1+ Kf7 17. Qe2 Be6 18. Qxe6+ Kg7 19. Qe7+ Kh6 20. Qxf6+ Kh5
21. Qg5#
1-0

[Event "1500 & Under Championship / KO"]
[Site "SchemingMind.com"]
[Date "2009.08.01"]
[Round "-"]
[White "Henry G-R"]
[Black "lumamo66"]
[Result "0-1"]
[WhiteCountry "ENG"]
[BlackCountry "ESP"]
[WhiteElo "1166"]
[WhiteRD "90"]
[BlackElo "1531"]
[BlackRD "81"]
[GameID "214220"]

1. d4 d5 2. e3 Nf6 3. Nc3 Nc6 4. Nf3 Bg4 5. h3 Bxf3 6. Qxf3 e6 7. Bb5 Bb4 8. Bxc6+ bxc6 9. Bd2 O-O 10. O-O Ne4
11. Rad1 a5 12. a3 Nxd2 13. Rxd2 Bxc3 14. bxc3 Qd6 15. e4 Qxa3 16. Qf4 Qxc3 17. Rd3 Qxc2 18. Rf3 Rab8 19. Qxc7 Rb1 20. Rxb1 Qxb1+
21. Kh2 Qxe4 22. Rf4 Qe1 23. Qe7 a4 24. Rf3 Qd2 25. g4 Qxd4 26. Rg3 Qxf2+ 27. Rg2= Qb6 28. Qa3 c5
0-1

[Event "1500 & Under Championship / KO"]
[Site "SchemingMind.com"]
[Date "2009.08.24"]
[Round "-"]
[White "Lazaro"]
[Black "FactoryFreak"]
[Result "1-0"]
[WhiteCountry "CUB"]
[BlackCountry "USA"]
[WhiteElo "1416"]
[WhiteRD "93"]
[BlackElo "1359"]
[BlackRD "102"]
[GameID "217182"]

1. d4 d5 2. c4 Nf6 3. cxd5 Nxd5 4. Nf3 Nc6 5. e4 Nb6 6. d5 Na5 7. Bd2 g6 8. Bxa5 Bg7 9. Bc3 Bxc3+ 10. Nxc3 O-O
11. Bd3 e6 12. dxe6 Bxe6 13. Qe2 Bg4 14. Rd1 Qf6 15. h3 Rae8 16. hxg4 a5 17. O-O Nd7 18. Bb5 c6 19. Bc4 Nc5 20. g5 Qe7
21. a3 b5 22. Ba2 b4 23. axb4 axb4 24. Nb1 b3 25. Bxb3 Nxb3 26. Qc2 Nc5 27. Rc1 Nxe4 28. Qxc6 Nxg5 29. Nxg5 Qxg5 30. Nc3 h5
31. Ne4 Rxe4 32. Qxe4 f5 33. Qe6+ Kh7 34. Rc7+ Kh6 35. Qe7 Qxe7 36. Rxe7 h4 37. b4 Kh5 38. b5 Kg4 39. b6 g5 40. b7 h3
41. Rb1 Rb8 42. Rc7 h2+ 43. Kxh2 Rh8+ 44. Kg1
1-0

[Event "1500 & Under Championship / KO"]
[Site "SchemingMind.com"]
[Date "2009.08.24"]
[Round "-"]
[White "FactoryFreak"]
[Black "Lazaro"]
[Result "0-1"]
[WhiteCountry "USA"]
[BlackCountry "CUB"]
[WhiteElo "1417"]
[WhiteRD "104"]
[BlackElo "1394"]
[BlackRD "90"]
[GameID "217185"]

1. e4 e5 2. Nf3 Nc6 3. Bc4 Bc5 4. d3 Nf6 5. Ng5 O-O 6. Nc3 Na5 7. Nd5 c6 8. Nxf6+ Qxf6= 9. O-O Nxc4 10. dxc4 d6
11. a3 h6 12. Nf3 Bg4 13. b4 Bd4 14. Be3 Bxa1 15. Qxa1 Bxf3 16. gxf3 Qxf3 17. c5 f5 18. cxd6 f4 19. Bd2 Rf6 20. Bxf4 Rxf4
21. Qa2+ Kh7 22. Qe6 Rg4+ 23. Qxg4 Qxg4+ 24. Kh1 Qf3+ 25. Kg1 Rf8 26. c4 Rf6
0-1

[Event "1500 & Under Championship / KO"]
[Site "SchemingMind.com"]
[Date "2009.09.03"]
[Round "-"]
[White "skorak"]
[Black "andu"]
[Result "0-1"]
[WhiteCountry "POL"]
[BlackCountry "AUT"]
[WhiteElo "1471"]
[WhiteRD "107"]
[BlackElo "2029"]
[BlackRD "49"]
[GameID "218277"]

1. e4 c5 2. f4 d5 3. Bb5+ Bd7 4. Bxd7+ Qxd7 5. e5 e6 6. Nf3 Nc6 7. f5 Nh6 8. f6 gxf6 9. exf6 Rg8 10. g3 Qd8
0-1

[Event "1500 & Under Championship / KO"]
[Site "SchemingMind.com"]
[Date "2009.09.03"]
[Round "-"]
[White "andu"]
[Black "skorak"]
[Result "1-0"]
[WhiteCountry "AUT"]
[BlackCountry "POL"]
[WhiteElo "1957"]
[WhiteRD "51"]
[BlackElo "1503"]
[BlackRD "110"]
[GameID "218283"]

1. e4 e5 2. Nf3 Nc6 3. Bc4 Bc5 4. b4 Bxb4 5. c3 Ba5 6. d4 d6 7. Qb3 Nxd4 8. Nxd4 exd4 9. Bxf7+ Kf8 10. O-O dxc3
11. Nxc3 Qf6 12. Bh5 Bxc3 13. Bg5 Be6 14. Qxb7
1-0

[Event "1500 & Under Championship / KO"]
[Site "SchemingMind.com"]
[Date "2009.09.17"]
[Round "-"]
[White "Zugzwang"]
[Black "Fred Fanelli"]
[Result "0-1"]
[WhiteCountry "CAN"]
[BlackCountry "USA"]
[WhiteElo "1403"]
[WhiteRD "82"]
[BlackElo "1573"]
[BlackRD "87"]
[GameID "219541"]

1. d4 d5 2. Nf3 e6 3. e3 c5 4. c3 Nc6 5. Bd3 Nf6 6. O-O Bd6 7. Nbd2 c4 8. Bc2 O-O 9. Qe2 Re8 10. e4 e5
11. Ng5 h6 12. Nh3 exd4 13. cxd4 Nxd4 14. Qd1 Qc7 15. Re1 Bxh3 16. gxh3 Bxh2+ 17. Kf1 Bf4 18. Nb1 Bg5 19. Bxg5 Qh2 20. f4 Nxc2
0-1

[Event "1500 & Under Championship / KO"]
[Site "SchemingMind.com"]
[Date "2009.09.13"]
[Round "-"]
[White "BigDaddy"]
[Black "mmccaffe"]
[Result "0-1"]
[WhiteCountry "AUT"]
[BlackCountry "USA"]
[WhiteElo "1265"]
[WhiteRD "64"]
[BlackElo "1631"]
[BlackRD "61"]
[GameID "219542"]

1. e4 e5 2. Nf3 Nc6 3. Bc4 Bc5 4. O-O Nf6 5. d3 h6 6. a3 d6 7. h3 O-O 8. Nc3 a6 9. Qe1 Nd4 10. Qd2 Nxf3+
11. gxf3 Bxh3 12. Re1 Nh5 13. b4 Nf4 14. Ne2 Qg5+ 15. Ng3 Ba7 16. Bb3 h5 17. Kh2 h4 18. Rg1 hxg3+ 19. fxg3 Qh5 20. gxf4 Bf1+
21. Kg3 Qh3#
0-1

[Event "1500 & Under Championship / KO"]
[Site "SchemingMind.com"]
[Date "2009.09.17"]
[Round "-"]
[White "Fred Fanelli"]
[Black "Zugzwang"]
[Result "1/2-1/2"]
[WhiteCountry "USA"]
[BlackCountry "CAN"]
[WhiteElo "1587"]
[WhiteRD "89"]
[BlackElo "1361"]
[BlackRD "85"]
[GameID "219546"]

1. c4 c5 2. Nc3 Nc6 3. Nf3 g6 4. d4 d6 5. dxc5 dxc5 6. Qxd8+ Nxd8 7. Nb5 Ne6 8. Bf4 Kd8 9. e4 Nxf4 10. g3 Ne6
11. Bh3 Nf6 12. O-O Bg7 13. Rad1+ Bd7 14. e5 Ne8 15. Rfe1 b6 16. Bg2 a5 17. Ng5 Nxg5 18. Bxa8 Nc7 19. f4 Nxa8 20. Rd3 Kc8
21. fxg5 Rd8 22. Red1 Bxe5 23. Nc3 Bxc3 24. Rxc3 Nc7 25. b3 Ne6 26. h4 f5 27. a4 Bc6 28. Rxd8+ Kxd8 29. Kf2 Kd7 30. Rd3+ Nd4
31. Ke3 e5 32. Rd1 Ke6 33. Rd3 Be4 34. Rc3 Bg2 35. Kf2 Bh3 36. Ke3 Bg4 37. Rd3= e4 38. Rc3 Ke5=
1/2-1/2

[Event "1500 & Under Championship / KO"]
[Site "SchemingMind.com"]
[Date "2009.09.13"]
[Round "-"]
[White "mmccaffe"]
[Black "BigDaddy"]
[Result "1-0"]
[WhiteCountry "USA"]
[BlackCountry "AUT"]
[WhiteElo "1631"]
[WhiteRD "61"]
[BlackElo "1265"]
[BlackRD "64"]
[GameID "219547"]

1. e4 c5 2. Nf3 d6 3. Bc4 Nf6 4. Nc3 e5 5. h3 Nc6 6. d3 b6 7. Bg5 Be7 8. Qd2 h6 9. Be3 O-O 10. O-O Bb7
11. Nd5 Qd7 12. g4 g5 13. Bxg5 Nh7 14. Bxh6 Rfe8 15. Ne3 Bc8 16. Nf5 Qb7 17. Ng5 Bxf5 18. Bxf7+ Kh8 19. gxf5 Bxg5 20. Bxg5 Qxf7
21. Kh2 Rg8 22. Be3 Qg7 23. Rg1 Qf7 24. Rxg8+ Rxg8 25. Rg1 Rf8 26. f4 Qh5 27. fxe5 Nxe5 28. Qg2 Nf3+ 29. Kh1 Re8 30. Qg7#
1-0

[Event "1500 & Under Championship / KO"]
[Site "SchemingMind.com"]
[Date "2009.10.06"]
[Round "-"]
[White "Manfred Kraut"]
[Black "R.Leydon"]
[Result "1/2-1/2"]
[WhiteCountry "GER"]
[BlackCountry "IRL"]
[WhiteElo "1437"]
[WhiteRD "77"]
[BlackElo "1508"]
[BlackRD "80"]
[GameID "222002"]

1. d4 Nf6 2. Nf3 d5 3. e3 Bf5 4. Bd3 Bxd3 5. Qxd3 e6 6. O-O Nc6 7. Nbd2 Bd6 8. c4 dxc4 9. Nxc4 Nb4 10. Qb3 c6
11. Nxd6+ Qxd6 12. Bd2 a5 13. a3 Nbd5 14. Qxb7 O-O 15. Rfc1 Rab8 16. Qxc6 Qxc6 17. Rxc6 a4 18. Ne5 Rxb2 19. Bb4 Nxb4 20. axb4 Rxb4
21. Ra6 Rc8 22. g3 Nd5 23. R1xa4 Rb1+ 24. Kg2 g5 25. h4 f6 26. Rxe6 fxe5 27. Rxe5 Rb4 28. Rxg5+ Kh8 29. Rxb4 Nxb4 30. f4 Nc2
31. Kf3 Re8 32. e4 Nxd4+ 33. Ke3 Nc2+ 34. Kf3 h6 35. Re5 Rxe5 36. fxe5 Nd4+ 37. Kf4 Kg7 38. g4 Ne6+ 39. Kf5 Kf7 40. g5 Nd4+
41. Kg4 Kg6 42. gxh6 Kxh6 43. h5 Ne6 44. Kf5 Ng7+ 45. Kf6 Nxh5+ 46. Ke7 Kg6 47. e6 Nf6 48. Kd6 Nxe4+ 49. Ke5 Nf6 50. e7 Kf7
51. Kd6 Ke8 52. Ke6 Ng8 53. Kd6= Nxe7
1/2-1/2

[Event "1500 & Under Championship / KO"]
[Site "SchemingMind.com"]
[Date "2009.10.06"]
[Round "-"]
[White "R.Leydon"]
[Black "Manfred Kraut"]
[Result "1-0"]
[WhiteCountry "IRL"]
[BlackCountry "GER"]
[WhiteElo "1508"]
[WhiteRD "80"]
[BlackElo "1437"]
[BlackRD "77"]
[GameID "222006"]

1. e4 c5 2. Nc3 g6 3. Bc4 f6 4. Nf3 Nh6 5. d3 Bg7 6. Be3 Qb6 7. Rb1 Nc6 8. Nd5 Qa5+ 9. Bd2 Qd8 10. Be3 f5
11. Bxc5 Qa5+ 12. b4 Qd8 13. O-O b6 14. exf5 bxc5 15. fxg6 hxg6 16. bxc5 Ne5 17. Nxe5 Bxe5 18. Re1 d6 19. d4 Bg7 20. Rxe7+ Kf8
21. Qe1 Nf5 22. cxd6 Qxd6 23. Re8+ Kf7 24. Nf6+ Kxf6 25. Re5 Nxd4 26. f4 Nxc2 27. Qe4 Rh5 28. Qxa8 Qd4+ 29. Kh1 Rxe5 30. fxe5+ Kxe5
31. Qxc8 Na3 32. Re1+ Kf4 33. Be6 Be5 34. Qf8+ Bf6 35. Qxa3 Kg5 36. Qe3+ Qf4 37. Qxf4+ Kxf4 38. g3+ Kg5 39. h4+ Kh6 40. Rf1 Be5
41. g4 g5 42. h5 Bd4 43. Bf5 Bf6 44. Rd1 Kg7 45. Rd7+ Kf8 46. Rxa7 Bd4 47. h6 Bxa7 48. h7 Kg7 49. Kg2 Be3 50. a4 Bc5
51. Kf3 Bd6 52. a5 Bc7 53. a6 Bb6 54. Ke4
1-0

[Event "1500 & Under Championship / KO"]
[Site "SchemingMind.com"]
[Date "2009.11.16"]
[Round "-"]
[White "lumamo66"]
[Black "andu"]
[Result "0-1"]
[WhiteCountry "ESP"]
[BlackCountry "AUT"]
[WhiteElo "1525"]
[WhiteRD "87"]
[BlackElo "2184"]
[BlackRD "55"]
[GameID "226799"]

1. e4 c5 2. f4 g6 3. Nf3 Bg7 4. Bc4 Nc6 5. Nc3 e6 6. d3 Nge7 7. Be3 d5 8. exd5 exd5 9. Bb3 d4 10. Bxd4 cxd4
11. Nb5 Qa5+ 12. c3 Qxb5 13. Ba4 Qxb2 14. Bxc6+ bxc6 15. O-O Qxc3 16. Ne5 O-O 17. Rc1 Qa3 18. Rf2 Bxe5 19. fxe5 Nd5 20. Rxc6 Rb8
21. h3 Ne3 22. Qa1 Qxd3 23. Rcf6 Rb1+
0-1

[Event "1500 & Under Championship / KO"]
[Site "SchemingMind.com"]
[Date "2009.11.17"]
[Round "-"]
[White "andu"]
[Black "lumamo66"]
[Result "1-0"]
[WhiteCountry "AUT"]
[BlackCountry "ESP"]
[WhiteElo "2142"]
[WhiteRD "52"]
[BlackElo "1518"]
[BlackRD "85"]
[GameID "226803"]

1. e4 e5 2. f4 exf4 3. Nf3 Nc6 4. d4 d6 5. Bxf4 Bg4 6. Nc3 Qf6 7. Nd5 Qd8 8. Qd3 Nf6 9. O-O-O a5 10. Qb5 Nxe4
11. Qxb7 Nf2 12. Qxc6+ Bd7 13. Qxa8 Nxh1 14. Nxc7+ Ke7 15. Re1+ Be6 16. Nd5+ Ke8 17. Qc6+ Qd7 18. Qa8+ Qd8 19. Bb5#
1-0

[Event "1500 & Under Championship / KO"]
[Site "SchemingMind.com"]
[Date "2009.12.12"]
[Round "-"]
[White "Fred Fanelli"]
[Black "Lazaro"]
[Result "1/2-1/2"]
[WhiteCountry "USA"]
[BlackCountry "CUB"]
[WhiteElo "1542"]
[WhiteRD "90"]
[BlackElo "1767"]
[BlackRD "80"]
[GameID "230655"]

1. c4 f5 2. Nf3 Nf6 3. Nc3 e6 4. a3 d5 5. e3 c6 6. Be2 Bd6 7. O-O O-O 8. d4 Nbd7 9. c5 Bc7 10. Bd3 Qe8
11. Bd2 Ne4 12. Qc2 Qh5 13. Ne5 Nxe5 14. dxe5 Bxe5 15. f4 Bxc3 16. Bxc3 Bd7 17. Be5 b5 18. b4 a5 19. Bxe4 fxe4 20. Qf2 a4
21. Qg3 Rf7 22. Qg5 Qe2 23. Bd4 Re8 24. Rf2 Qd3 25. g4 Ree7 26. Qe5 Be8 27. Raa2 Qd1+ 28. Kg2 Qxg4+ 29. Kh1 Rf5 30. Qd6 Qh4
31. Rg2 Rff7 32. Qe5 Qh3 33. Rg3 Qf1+ 34. Rg1 Qf3+ 35. Rgg2 Qh3 36. Rg3 Qf5 37. Rag2 Qxe5 38. Bxe5 Ra7 39. Kg1 Rfd7 40. Bd6 Bh5
41. Kf2 Bf3 42. Rg1 Rf7 43. Be5 Rab7=
1/2-1/2

[Event "1500 & Under Championship / KO"]
[Site "SchemingMind.com"]
[Date "2009.12.12"]
[Round "-"]
[White "Lazaro"]
[Black "Fred Fanelli"]
[Result "1-0"]
[WhiteCountry "CUB"]
[BlackCountry "USA"]
[WhiteElo "1767"]
[WhiteRD "80"]
[BlackElo "1542"]
[BlackRD "90"]
[GameID "230661"]

1. e4 c6 2. d4 d5 3. e5 Bf5 4. Nc3 e6 5. g4 Bg6 6. Nge2 c5 7. h4 h6 8. Be3 Nd7 9. Nf4 Bh7 10. dxc5 Bxc5
11. Bxc5 Nxc5 12. Qd4= Ne4 13. Nxe4 Bxe4 14. Bb5+ Kf8 15. Qb4+ Ne7 16. Rh3 Kg8 17. O-O-O Rc8 18. Rc3 Qb6 19. Rxc8+ Nxc8 20. Qa4 Ne7
21. Rd2 Kh7 22. Bd3 Bxd3 23. Nxd3 a6 24. h5 Rc8 25. Qb4 Qc7 26. Qf4 Nc6 27. g5 Qe7 28. gxh6 gxh6 29. Ne1 Rf8 30. Nf3 Rg8
31. c4 Nb4 32. a3 Nc6 33. cxd5 exd5 34. Rxd5 Qe6 35. Qe4+ Kh8 36. Rd6
1-0

[Event "1500 & Under Championship / KO"]
[Site "SchemingMind.com"]
[Date "2010.01.06"]
[Round "-"]
[White "andu"]
[Black "mmccaffe"]
[Result "1-0"]
[WhiteCountry "AUT"]
[BlackCountry "USA"]
[WhiteElo "2201"]
[WhiteRD "66"]
[BlackElo "1712"]
[BlackRD "65"]
[GameID "233638"]

1. e4 c5 2. Nf3 d6 3. d4 cxd4 4. Nxd4 Nf6 5. Nc3 a6 6. Be3 e5 7. Nb3 Be7 8. Be2 O-O 9. O-O Nbd7 10. Qd3 b5
11. a4 b4 12. Nd5 a5 13. Qd2 Bb7 14. Nxe7+ Qxe7 15. Nxa5 Nxe4 16. Qxb4 Ndc5 17. f3 Nf6 18. Bxc5 dxc5 19. Qxb7
1-0

[Event "1500 & Under Championship / KO"]
[Site "SchemingMind.com"]
[Date "2010.01.05"]
[Round "-"]
[White "mmccaffe"]
[Black "andu"]
[Result "0-1"]
[WhiteCountry "USA"]
[BlackCountry "AUT"]
[WhiteElo "1712"]
[WhiteRD "65"]
[BlackElo "2201"]
[BlackRD "66"]
[GameID "233650"]

1. e4 c5 2. Nf3 e6 3. d4 cxd4 4. Nxd4 Nf6 5. Nc3 Bb4 6. Bd3 a6 7. O-O d6 8. Bg5 Bxc3 9. bxc3 e5 10. Nb3 h6
11. Bh4 Be6 12. f3 O-O 13. f4 exf4 14. Bxf6 Qxf6 15. Qf3 g5 16. h4 Nc6 17. g3 Ne5 18. Qf2 Bh3 19. hxg5 hxg5 20. gxf4 gxf4
21. Rfe1 Kh7 22. Bf1 Qh6 23. Bxh3 Qxh3
0-1

[Event "1500 & Under Championship / KO"]
[Site "SchemingMind.com"]
[Date "2010.05.07"]
[Round "-"]
[White "R.Leydon"]
[Black "andu"]
[Result "0-1"]
[WhiteCountry "IRL"]
[BlackCountry "AUT"]
[WhiteElo "1616"]
[WhiteRD "78"]
[BlackElo "2183"]
[BlackRD "65"]
[GameID "247432"]

1. e4 c5 2. Nf3 e6 3. d4 cxd4 4. Nxd4 Nf6 5. f3 d5 6. Nc3 Bb4 7. Bg5 O-O 8. e5 Qc7 9. Bd2 Qxe5+ 10. Nde2 Nc6
11. Bf4 Qh5 12. Ng3 Qh4 13. Qd2 h6 14. Bd3 d4 15. O-O Nd5 16. a3 dxc3 17. bxc3 Bxc3 18. Qe2 Nxf4 19. Qe4 f5 20. Qc4 Bxa1
21. Rxa1 Ne5 22. Qd4 Nh3+ 23. gxh3 Qxd4+
0-1

[Event "1500 & Under Championship / KO"]
[Site "SchemingMind.com"]
[Date "2010.05.07"]
[Round "-"]
[White "andu"]
[Black "R.Leydon"]
[Result "1-0"]
[WhiteCountry "AUT"]
[BlackCountry "IRL"]
[WhiteElo "2150"]
[WhiteRD "61"]
[BlackElo "1609"]
[BlackRD "83"]
[GameID "247438"]

1. e4 c5 2. Nf3 d6 3. d4 Nf6 4. Bd3 cxd4 5. Nxd4 e5 6. Nf3 Nc6 7. Nc3 g6 8. O-O Bg7 9. Bg5 O-O 10. Nd5 Be6
11. c4 h6 12. Nxf6+ Bxf6 13. Bxh6 Bg7 14. Bd2 Bg4 15. h3 Bxf3 16. Qxf3 Qb6 17. b3 Nd4 18. Qg4 Ne6 19. Be3 Qb4 20. h4 Qc3
21. Rad1 Qb2 22. c5 Qxa2 23. Bc4 Nxc5 24. Qxg6 Kh8 25. Bxf7 Rxf7 26. Qxf7 Rf8 27. Qh5+ Kg8 28. Rxd6 Nxe4 29. Rg6 Qxb3 30. Bh6 Nf6
31. Rxg7+ Kh8 32. Qg6 Rg8 33. Qxf6
1-0